00335nam a22001217a 4500020001800000040000900018082001500027100001800042245004700060250002300107260003600130650004700166 a9789332584747 cNUST a620.1bHIB aR.C. Hibbeler aEngineering Mechanics Statics and Dynamics aFourteenth Edition aUSA:bPearson Education,c2018. aEngineering Mechanics Statics and Dynamics